| 000 | 00741nam a2200205 a 4500 | ||
|---|---|---|---|
| 001 | 000036261 | ||
| 005 | 20200930075632.0 | ||
| 008 | 120111s1987 mx 000 0 spa d | ||
| 020 | _a968251150x | ||
| 040 |
_aDO-SdBNP _bspa _cBNPHU |
||
| 100 | 1 |
_aOlds, Sally B. _962362 |
|
| 245 | 1 | 0 |
_aEnfermeria materno infantil : _bun concepto integral familiar / _cSally B. Olds, Marcia L. Lodon, Patricia A. Ladewig ; traducción Santiago Sapiña Renard. |
| 260 |
_aMéxico : _bEditorial Interamericana, _c1987. |
||
| 300 |
_a1283 p. : _bil., retrs. ; _c29 cm. |
||
| 500 | _aTextos a dos columnas | ||
| 504 | _aBibliografía | ||
| 700 | 1 | 2 |
_aLodon, Marcia L. _962363 |
| 700 | 1 | 2 |
_aLadewin, Patricia A. _962364 |
| 700 | 1 | 2 |
_aSapiña Renard, Santiago _962351 |
| 999 |
_c35752 _d35752 |
||